| 000 | 00382 a2200133 4500 | ||
|---|---|---|---|
| 001 | 91503 | ||
| 082 | _aPR 1469 | ||
| 090 |
_c43644 _d43643 |
||
| 100 | _aBilal Ahmed; Prof Fida M Khan (Advisor) | ||
| 245 |
_aTo Design and Develop Control Circuitry of Barani Chair (At Tech MI Room) _n58 "B" EC |
||
| 260 |
_aRawalpindi _bNUST _c2003 |
||
| 300 | _a43p | ||
| 500 | _aBE Project Reports | ||
| 942 |
_aCAE NUST _kPR 1469 |
||
| 999 |
_c326576 _d326576 |
||